| 000 | 01471nam0a2200397 i 4500 | ||
|---|---|---|---|
| 001 | RU\NLR\bibl\2084277 | ||
| 005 | 20241114231116.0 | ||
| 010 |
_a9785976508811 _bФлинта |
||
| 010 |
_a978-5-02-037233-7 _bНаука _9300 |
||
| 021 |
_aRU _b2013-75446 _95184 |
||
| 035 | _a(nilc)RuMoRGB-006666327 | ||
| 035 | _a(NLR Aleph) 002074416 | ||
| 090 |
_a4789058 _c4789058 |
||
| 100 | _a20100803d2014 u y0rusy50 ca | ||
| 101 | 0 |
_arus _deng |
|
| 102 | _aRU | ||
| 105 | _aabh|g|||001yy | ||
| 200 | 1 |
_aРусское родство _eпрошлое и настоящее _fБ.Н. Казаченко |
|
| 205 | _a3-е изд., стер. | ||
| 210 |
_aМосква _cФлинта _cНаука _d2014 _d[т.е. 2013] |
||
| 215 |
_a301, [1] с. _cил., карт., факс. _d20 |
||
| 300 | _aРез. на англ. яз. | ||
| 300 | _aКн. фактически изд. в 2013 г. | ||
| 320 | _aБиблиогр. с. 290-302 | ||
| 606 |
_aРусские _xРодство _xСистемы _92614563 _3RU\NLR\AUTH\661551121 |
||
| 686 | 1 | _aТ3(2)0-2 | |
| 686 | 1 | _aТ52(2=Р)-5 | |
| 700 | 1 |
_7ca _8rus _aКазаченко _bБ. Н. _f1949- _gБорис Николаевич _9186578 _3RU\NLR\AUTH\770186629 |
|
| 801 | 0 |
_aRU _bRuMoRKP _c20100803 _gRCR |
|
| 801 | 2 |
_aRU _bРГБ _c20130918 _grcr |
|
| 801 | 1 |
_aRU _bRuMoRKP _c20100803 _2rusmarc |
|
| 801 | 2 |
_aRU _bNLR _c20131021 _grcr |
|
| 942 | _cBOOK | ||
| 980 | _aNBR | ||